000 01019nam0a22002771 4500
001 rc\3954272
005 20250611034738.0
021 _aRU
_b[54-53184]
035 _a(NLR Aleph) 008046441
090 _a8914101
_c8914101
100 _a20130415d1954 |||y0rusy50 ca
101 0 _arus
102 _aRU
105 _ay j |||||
200 1 _aКурс лекций по истории зарубежных литератур XVII века
_fПод ред. С.С. Игнатова
210 _aМосква
_cИзд-во Моск. ун-та
_d1954
215 _a816 с.
_d21
606 _aЛитература зарубежных стран
_z17 в.
_2psbo
700 1 _aВиппер
_bЮ.Б.
_f1916-1991
_gЮрий Борисович
701 1 _7ca
_8rus
_aСамарин
_bР. М.
_f1911-1974
_gРоман Михайлович
_9234459
_3RU\NLR\AUTH\770234515
702 1 _aИгнатов
_bС.С.
_4340
801 0 _aRU
_bNLR
_gpsbo
801 1 _aRU
_bELAR
_2rusmarc
852 _aNLR
_jЛ50 Г-3/38
942 _cBOOK
980 _aNB